Die 120 beliebtesten ♂ ♀ Vornamen in Österreich - Statistiken

Allgemein
  • Dieses Quiz wurde 194 mal gespielt
  • Das Durchschnittsergebnis liegt bei 50 aus 122
Antwortstatistiken
♀ / ♂ Name % Korrekt
Jungen - - > | Mädchen - - > ⤵️
99%
A4 Anna
84%
L3 Leo
82%
L3 Lia
81%
L4 Lena
79%
P4 Paul
78%
E4 Emil
77%
L3 Lea
77%
M3 Mia
76%
E4 Emma
75%
M5 Marie
75%
L4 Leon
74%
H5 Hanna
72%
M5 Maria
72%
M3 Max
70%
S4 Sara
67%
J5 Julia
63%
L4 Luka
62%
M10 Maximilian
62%
S6 Sophie
62%
L5 Lukas
60%
L4 Lara
59%
H6 Hannah
58%
L5 Laura
58%
E5 Elisa
57%
J7 Johanna
56%
S6 Sophia
56%
E6 Emilia
55%
F5 Felix
55%
J5 Jonas
55%
S5 Sarah
55%
P5 Paula
53%
A8 Alexander
52%
M7 Michael
52%
J8 Johannes
51%
L4 Luis
51%
V8 Valentin
51%
D5 David
50%
N4 Noah
50%
B3 Ben
49%
E5 Emily
49%
L6 Leonie
49%
F6 Fabian
48%
J6 Julian
48%
N4 Nina
48%
A5 Anton
47%
E5 Elias
47%
F7 Florian
47%
J4 Jana
47%
J5 Jakob
45%
K9 Katharina
45%
L4 Lina
45%
T4 Theo
45%
S5 Simon
44%
L4 Luca
43%
E4 Ella
42%
S9 Sebastian
42%
V9 Valentina
42%
E5 Elena
41%
F4 Finn
39%
L5 Luisa
39%
N4 Nico
38%
I3 Ida
36%
M9 Magdalena
36%
M6 Moritz
36%
O6 Olivia
36%
D6 Daniel
35%
M8 Matthias
34%
N4 Nora
34%
T6 Tobias
34%
A6 Amelie
32%
A7 Antonia
32%
H6 Helena
32%
I8 Isabella
32%
P7 Paulina
32%
V7 Valerie
31%
B8 Benjamin
30%
C5 Clara
30%
F9 Franziska
29%
J5 Josef
29%
A5 Alina
28%
M4 Mila
28%
T7 Theresa
28%
M7 Marlene
27%
N6 Niklas
27%
T7 Theodor
27%
R4 Rosa
26%
C9 Charlotte
25%
O5 Oskar
25%
K5 Klara
24%
L4 Leni
24%
S6 Samuel
24%
E5 Elina
23%
F5 Flora
23%
K6 Kilian
23%
M6 Matteo
23%
O6 Oliver
23%
S5 Sofia
23%
M4 Mira
22%
D7 Dominik
21%
J8 Jonathan
21%
K10 Konstantin
21%
L4 Liam
21%
R7 Raphael
21%
M6 Miriam
20%
G7 Gabriel
19%
A6 Annika
18%
F5 Fabio
16%
V7 Vincent
16%
F9 Ferdinand
14%
L6 Lorenz
14%
R7 Rosalie
14%
A6 Adrian
12%
E6 Emilio
12%
L7 Leopold
10%
L5 Livia
10%
A7 Aurelia
9%
L4 Levi
9%
A4 Adam
7%
M5 Mateo
5%
M6 Matheo
5%
Keine übereinstimmenden Quizze gefunden
Verteilung der Resultate
Anzahl Personen mit jedem Resultat
Perzentil nach korrekt beantworteten Fragen
Ihre Resultats-Entwicklung
Sie haben dieses Quiz noch nicht gespielt